<?xml version="1.0" encoding="UTF-8"?>
<record
    xmlns:xsi="http://www.w3.org/2001/XMLSchema-instance"
    xsi:schemaLocation="http://www.loc.gov/MARC21/slim http://www.loc.gov/standards/marcxml/schema/MARC21slim.xsd"
    xmlns="http://www.loc.gov/MARC21/slim">

  <leader>00555nam a2200133Ia 4500</leader>
  <controlfield tag="008">260101s2024    xx            000 0 und d</controlfield>
  <datafield tag="020" ind1=" " ind2=" ">
    <subfield code="a">9789361867071</subfield>
  </datafield>
  <datafield tag="041" ind1=" " ind2=" ">
    <subfield code="a">hin</subfield>
  </datafield>
  <datafield tag="082" ind1=" " ind2=" ">
    <subfield code="a">200</subfield>
    <subfield code="b">WAG</subfield>
  </datafield>
  <datafield tag="100" ind1=" " ind2=" ">
    <subfield code="a">&#x921;&#x949;. &#x936;&#x948;&#x932;&#x947;&#x936; &#x915;&#x941;&#x92E;&#x93E;&#x930; &#x935;&#x93E;&#x918; , &#x92A;&#x94D;&#x930;&#x93E;. &#x938;&#x93F;&#x926;&#x94D;&#x927;&#x93E;&#x930;&#x94D;&#x927; &#x938;&#x94B;&#x928;&#x93E;&#x935;&#x923;&#x947;</subfield>
  </datafield>
  <datafield tag="245" ind1=" " ind2=" ">
    <subfield code="a">&#x92A;&#x94D;&#x930;&#x93E;&#x91A;&#x940;&#x928; &#x92D;&#x93E;&#x930;&#x924;&#x940;&#x92F; &#x91C;&#x94D;&#x91E;&#x93E;&#x928;&#x92A;&#x94D;&#x930;&#x923;&#x932;&#x940; ( Indain Knowledge System)</subfield>
  </datafield>
  <datafield tag="260" ind1=" " ind2=" ">
    <subfield code="b">&#x905;&#x925;&#x930;&#x94D;&#x935; &#x92A;&#x92C;&#x94D;&#x932;&#x93F;&#x915;&#x947;&#x936;&#x928; , &#x927;&#x941;&#x933;&#x947;</subfield>
    <subfield code="c">2024</subfield>
  </datafield>
  <datafield tag="300" ind1=" " ind2=" ">
    <subfield code="a">P-&#x967;&#x96E;&#x96A;</subfield>
    <subfield code="b">S-22x14</subfield>
  </datafield>
  <datafield tag="999" ind1=" " ind2=" ">
    <subfield code="c">1214036</subfield>
    <subfield code="d">1214036</subfield>
  </datafield>
  <datafield tag="952" ind1=" " ind2=" ">
    <subfield code="0">0</subfield>
    <subfield code="1">0</subfield>
    <subfield code="4">0</subfield>
    <subfield code="7">0</subfield>
    <subfield code="8">FE</subfield>
    <subfield code="a">EWP</subfield>
    <subfield code="b">EWP</subfield>
    <subfield code="c">Shocase</subfield>
    <subfield code="d">2026-01-01</subfield>
    <subfield code="e">&#x905;&#x925;&#x930;&#x94D;&#x935; &#x92A;&#x92C;&#x94D;&#x932;&#x93F;&#x915;&#x947;&#x936;&#x928; , &#x91C;&#x933;&#x917;&#x93E;&#x935;</subfield>
    <subfield code="g">195.00</subfield>
    <subfield code="l">0</subfield>
    <subfield code="o">200/WAG</subfield>
    <subfield code="p">EWP-22699</subfield>
    <subfield code="r">2026-01-01 00:00:00</subfield>
    <subfield code="w">2026-01-01</subfield>
    <subfield code="y">BK</subfield>
  </datafield>
</record>
